| 000 | 00973nam a2200253Ia 4500 | ||
|---|---|---|---|
| 003 | OSt | ||
| 005 | 20221005112308.0 | ||
| 006 | a|||||r|||| 00| 0 | ||
| 007 | ta | ||
| 008 | 221004b |||||||| |||| 00| 0 pan d | ||
| 020 |
_a9788178564647 (hbk) _cINR 200.00 |
||
| 024 | _a32734 | ||
| 037 |
_b788, 27/02/2017, H.K. Prakashan _cTextual |
||
| 040 |
_aCRL _cCRL _bpan |
||
| 041 |
_2pan _apan |
||
| 082 | _aO153,1M00:g, Q6 | ||
| 100 | _aਘੁਮੱਣ, ਬਿਕਰਮ ਸਿੰਘ, ਂਚ. | ||
| 245 | 0 |
_aਕਾਕਰਯਾਰ _b ਕਿੱਸਾ ਸੋਹਣੀ ਮਹੀ੍ਵਵਾਲ |
|
| 260 |
_aਅੰਮ੍ਰਿਤਸਰ _bਵਾਰਿਸ Fਾਹ ਖ਼ਾਉ੍ਵਡੇਸਨ ਭਾਰਤ _c2016 |
||
| 300 |
_a112ਪ੍ਰ0 _ccm. |
||
| 650 | _a ਪੰਜਾਬੀ ਕਾਵਿ | ||
| 942 |
_hO153,1M00:g, Q6 _cTEXL _2cc |
||
| 999 |
_c1024457 _d1024457 |
||